Les Missions de Cyberpunk 2077 - Statistiques

Statistiques générales
  • Ce quiz a été pris 6 fois
  • Le résultat moyen est 5 sur 15
Statistiques - réponses
Hint Réponse % Correct
V est contacté par une mystérieuse netrunneuse et doit aller à Dogtown. Dog Eat Dog
75%
V, Jackie et T-Bug doivent s'infiltrer dans un hôtel de luxe pour voler une biopuce. Le Casse
75%
Johnny veut prendre le contrôle du corps de V pour aller voir Rogue. Chippin' In
50%
V rencontre Panam pour capturer un corpo. Ghost Town
50%
V va seul à la Tour Arasaka à la fin du jeu (fin secrète). (Don't) Fear the Reaper
25%
Le couple des Peralez est victime d'un étrange cambriolage, qui cache quelque chose de plus grave encore. Dream On
25%
Dans une mission d'infiltration sous haute tension où V doit prétendre être quelqu'un d'autre, il est confronté à un choix crucial, trahissant l'un ou l'autre de ses alliés. Firestarter
25%
Une des fins de l'histoire : Johnny prend le corps de V et va vivre sa nouvelle vie. New Dawn Fades
25%
"Aller voir Hanako à l'Embers." Nocturne Op55 N1
25%
Une des fins de l'histoire : V devient une légende de Night City, mais il lui reste peu de temps à vivre. Il accepte un travail qui l'envoie sur la station orbitale Crystal Palace. Path of Glory
25%
Judy invite V à aller plonger. Pyramid Song
25%
V et Panam prennent le contrôle d'un tank. Queen of the Highway
25%
Deuxième du DLC : V s'infiltre dans un complexe corpo abandonné pour arrêter Songbird. Somewhat Damaged
25%
Première fin du DLC : V doit amener Songbird sur la Lune. The Killing Moon
25%
V aide Judy à interroger un charcudoc pour retrouver Evelyn Parker. The Space in Between
25%
Aucun quiz correspondant
Distribution des résultats
% des personnes avec chaque résultat
Percentile par nombre de réponses
Votre historique - résultats
Vous n’avez pas pris ce quiz